Information management in archives and libraries / (Record no. 132636)

MARC details
000 -LEADER
fixed length control field 00747nam a22002297a 4500
005 - DATE AND TIME OF LATEST TRANSACTION
control field 20170124110157.0
010 ## - LIBRARY OF CONGRESS CONTROL NUMBER
LC control number B-058558
020 ## - INTERNATIONAL STANDARD BOOK NUMBER
Terms of availability 00.00
International Standard Book Number 818779017
035 ## - SYSTEM CONTROL NUMBER
System control number B-058558
037 ## - SOURCE OF ACQUISITION
Source of stock number/acquisition Cen Lib/Ret
040 ## - CATALOGING SOURCE
Original cataloging agency DPL
Language of cataloging EN
082 ## - DEWEY DECIMAL CLASSIFICATION NUMBER
Classification number 025.524
Item number SIN
100 ## - MAIN ENTRY--PERSONAL NAME
Personal name Singh, A. P
9 (RLIN) 35335
245 ## - TITLE STATEMENT
Title Information management in archives and libraries /
Statement of responsibility, etc by A. R. Singh
260 ## - PUBLICATION, DISTRIBUTION, ETC. (IMPRINT)
Place of publication, distribution, etc Delhi
Name of publisher, distributor, etc Aakar Publications
Date of publication, distribution, etc 2001
270 ## - ADDRESS
Address 28-E, Pocket-IV, Mayur Vihar, Phase-I
City Delhi
Postal code 110091
300 ## - PHYSICAL DESCRIPTION
Extent 172p.
Dimensions 21cm(Hb)
500 ## - GENERAL NOTE
General note Includes bibliographical references and index
650 ## - SUBJECT ADDED ENTRY--TOPICAL TERM
Topical term or geographic name as entry element Library administration
9 (RLIN) 2603
650 ## - SUBJECT ADDED ENTRY--TOPICAL TERM
Topical term or geographic name as entry element Archives -- India -- Administration
9 (RLIN) 35336
942 ## - ADDED ENTRY ELEMENTS (KOHA)
Source of classification or shelving scheme Dewey Decimal Classification
Koha item type English Books
Classification part 025.524
Call number suffix SIN
Holdings
Withdrawn status Lost status Damaged status Not for loan Home library Current library Date acquired Source of acquisition Cost, normal purchase price Total Checkouts Full call number Barcode Date last seen Copy number Cost, replacement price Price effective from Koha item type
        Central Library Central Library 23/07/2015 Cen Lib/Ret 0.00   025.524 SIN B-058558 23/07/2015 1 0.00 23/07/2015 English Books

© Delhi Public Library
Hit Counter
free hit counter